Christliche Perspektiven: Bestandsaufnahme für eine Kirche von morgen
Martin Lohmann (Hrsg.): "Christliche Perspektiven". Bestandsaufnahme für eine Kirche von morgen. Verlag Ferdinand Schöningh, Paderborn 1990. 190 S., kt., 28,- DM
| Contributors: | ; |
|---|---|
| Format: | Print Book |
| Language: | German |
| Subito Delivery Service: | Order now. |
| Check availability: | HBZ Gateway |
| Interlibrary Loan: | Interlibrary Loan for the Fachinformationsdienste (Specialized Information Services in Germany) |
| Published: |
Paderborn [u.a.]
Schöningh
1990
|
| In: | Year: 1990 |
| Volumes / Articles: | Show volumes/articles. |
| Standardized Subjects / Keyword chains: | B
Holy See (motif)
/ Situation
|
| Further subjects: | B
Catholic Church History 1965-
B Holy See (motif) B Catholic Church Germany History 20th century B Situation B Germany Church history 20th century |
MARC
| LEADER | 00000cam a2200000 c 4500 | ||
|---|---|---|---|
| 001 | 025672320 | ||
| 003 | DE-627 | ||
| 005 | 20250724224620.0 | ||
| 007 | tu | ||
| 008 | 910107s1990 gw ||||| 00| ||ger c | ||
| 015 | |a 90,N41,0038 |2 dnb | ||
| 016 | 7 | |a 901325430 |2 DE-101 | |
| 020 | |a 3506752405 |9 3-506-75240-5 | ||
| 035 | |a (DE-627)025672320 | ||
| 035 | |a (DE-576)022073906 | ||
| 035 | |a (DE-599)GBV025672320 | ||
| 040 | |a DE-627 |b ger |c DE-627 |e rakwb | ||
| 041 | |a ger | ||
| 044 | |c XA-DE-NW |c XA-AT |c XA-CH | ||
| 050 | 0 | |a BX1536.2 | |
| 084 | |a 12 |2 sdnb | ||
| 084 | |a 1 |2 ssgn | ||
| 084 | |a BL 1400 |2 rvk |0 (DE-625)rvk/11987: | ||
| 084 | |a BG 1600 |2 rvk |0 (DE-625)rvk/11197: | ||
| 245 | 0 | 0 | |a Christliche Perspektiven |b Bestandsaufnahme für eine Kirche von morgen |c hrsg. von Martin Lohmann. Mit Beitr. von Hanna-Barbara Gerl ... |
| 264 | 1 | |a Paderborn [u.a.] |b Schöningh |c 1990 | |
| 300 | |a 190 S. |c 23,5 cm | ||
| 336 | |a Text |b txt |2 rdacontent | ||
| 337 | |a ohne Hilfsmittel zu benutzen |b n |2 rdamedia | ||
| 338 | |a Band |b nc |2 rdacarrier | ||
| 500 | |a Literatur- u. Quellenang | ||
| 520 | |a Martin Lohmann (Hrsg.): "Christliche Perspektiven". Bestandsaufnahme für eine Kirche von morgen. Verlag Ferdinand Schöningh, Paderborn 1990. 190 S., kt., 28,- DM | ||
| 583 | 1 | |a Archivierung/Langzeitarchivierung gewährleistet |f SSG |x XA-DE-BW |2 pdager |5 DE-21 | |
| 601 | |a Perspektive | ||
| 601 | |a Bestandsaufnahme | ||
| 610 | 2 | 7 | |0 (DE-588)2009545-4 |0 (DE-627)101659261 |0 (DE-576)191644501 |a Katholische Kirche |2 gnd |
| 650 | 0 | 7 | |0 (DE-588)4055181-7 |0 (DE-627)106159216 |0 (DE-576)20911262X |a Situation |2 gnd |
| 653 | 0 | |a Catholic Church |a Germany |a History |a 20th century | |
| 653 | 0 | |a Germany |a Church history |a 20th century | |
| 653 | 0 | |a Catholic Church |a History |a 1965- | |
| 689 | 0 | 0 | |d b |0 (DE-588)2009545-4 |0 (DE-627)101659261 |0 (DE-576)191644501 |2 gnd |a Katholische Kirche |
| 689 | 0 | 1 | |d s |0 (DE-588)4055181-7 |0 (DE-627)106159216 |0 (DE-576)20911262X |2 gnd |a Situation |
| 689 | 0 | |5 DE-101 | |
| 689 | 1 | 0 | |d b |0 (DE-588)2009545-4 |0 (DE-627)101659261 |0 (DE-576)191644501 |2 gnd |a Katholische Kirche |
| 689 | 1 | 1 | |d s |0 (DE-588)4055181-7 |0 (DE-627)106159216 |0 (DE-576)20911262X |2 gnd |a Situation |
| 689 | 1 | |5 (DE-627) | |
| 700 | 1 | |e Hrsg. |0 (DE-588)132804913 |0 (DE-627)526981164 |0 (DE-576)299425851 |4 edt |a Lohmann, Martin |d 1957-2025 | |
| 700 | 1 | |e Verf. e. Beitr. |0 (DE-588)11581812X |0 (DE-627)035243287 |0 (DE-576)16109435X |4 oth |a Gerl-Falkovitz, Hanna-Barbara |d 1945- | |
| 889 | |w (DE-627)1774122154 | ||
| 935 | |a mteo | ||
| 935 | |i Blocktest | ||
| 936 | r | v | |a BL 1400 |b Deutschland |k Theologie und Religionswissenschaften |k Christliche Gesellschaftslehre |k Allgemeines |k Länderbezogene Darstellungen |k Deutschland |0 (DE-627)1270725920 |0 (DE-625)rvk/11987: |0 (DE-576)200725920 |
| 936 | r | v | |a BG 1600 |b Aufsatzsammlungen mit Beiträgen mehrerer Autoren |k Theologie und Religionswissenschaften |k Fundamentaltheologie |k Allgemeines |k Sammelwerke |k Aufsatzsammlungen mit Beiträgen mehrerer Autoren |0 (DE-627)1270723928 |0 (DE-625)rvk/11197: |0 (DE-576)200723928 |
| 951 | |a BO | ||
| ACO | |a 1 | ||
| ELC | |b 1 | ||
| ITA | |a 1 |t 1 | ||
| LOK | |0 000 xxxxxcx a22 zn 4500 | ||
| LOK | |0 001 3345384876 | ||
| LOK | |0 003 DE-627 | ||
| LOK | |0 004 025672320 | ||
| LOK | |0 005 20020522000000 | ||
| LOK | |0 008 910318||||||||||||||||ger||||||| | ||
| LOK | |0 040 |a DE-21 |c DE-627 |d DE-21 | ||
| LOK | |0 852 |a DE-21 | ||
| LOK | |0 852 1 |c 31 A 1166 |9 00 | ||
| LOK | |0 935 |a theo | ||
| LOK | |0 936ln |a t1 | ||
| LOK | |0 939 |a 18-03-91 |b l01 | ||
| LOK | |0 000 xxxxxcx a22 zn 4500 | ||
| LOK | |0 001 3345384892 | ||
| LOK | |0 003 DE-627 | ||
| LOK | |0 004 025672320 | ||
| LOK | |0 005 20191022072703 | ||
| LOK | |0 008 910716||||||||||||||||ger||||||| | ||
| LOK | |0 040 |a DE-21-35 |c DE-627 |d DE-21-35 | ||
| LOK | |0 541 |e 91/488 | ||
| LOK | |0 852 |a DE-21-35 | ||
| LOK | |0 852 1 |c Mt 5.026 |m p |9 00 | ||
| LOK | |0 938 |k p | ||
| LOK | |0 939 |a 16-07-91 |b l01 | ||
| ORI | |a SA-MARC-ixtheoa001.raw | ||
| SPR | |a 1 |t IXT | ||
| STA | 0 | 0 | |a Holy See (motif),Catholic church,Catholic Church,Catholic Church,Former pilgrimage church Saint Ottilia,Situation |
| STB | 0 | 0 | |a Saint-Siège (motif),Église catholique,Église catholique,Situation |
| STC | 0 | 0 | |a Movimiento juvenil católico,Situación |
| STD | 0 | 0 | |a Chiesa cattolica,Situazione |
| STE | 0 | 0 | |a 天主教会,罗马公教 |
| STF | 0 | 0 | |a 天主教會,羅馬公教 |
| STG | 0 | 0 | |a Igreja católica,Situação |
| STH | 0 | 0 | |a Католическая церковь (мотив),Ситуация |
| STI | 0 | 0 | |a Καθολική Εκκλησία (μοτίβο),Κατάσταση |
| SYB | 0 | 0 | |a Katolikus Egyház,RCC,Katoličeskaj Cerkovʹ,Katoličke Cerkve,Katolska Cyrkej,Katolske Kirke,Ecclesia Catholica,Igreja Católica,Römisch-Katholische Kirche,Katholikē Ekklēsia,Catholic Church,Roman Catholic Church,Eglise Catholique,Eglise Catholique Romaine,Chiesa Cattolica,Katholieke Kerk,Iglesia Católica,Katolické Církve,Kościoł Katolicki,Katoličke Crkve,Eglise catholique romaine,Chiesa cattolica romana,Roman catholic Church,Eglise catholique,Römische Kirche , Eglise catholique,Roman Catholic Church,Catholic Church , Ehemalige Wallfahrtskirche Sankt Ottilia |
| SYG | 0 | 0 | |a Katolikus Egyház,RCC,Katoličeskaj Cerkovʹ,Katoličke Cerkve,Katolska Cyrkej,Katolske Kirke,Ecclesia Catholica,Igreja Católica,Römisch-Katholische Kirche,Katholikē Ekklēsia,Catholic Church,Roman Catholic Church,Eglise Catholique,Eglise Catholique Romaine,Chiesa Cattolica,Katholieke Kerk,Iglesia Católica,Katolické Církve,Kościoł Katolicki,Katoličke Crkve,Eglise catholique romaine,Chiesa cattolica romana,Roman catholic Church,Eglise catholique,Römische Kirche , Eglise catholique,Roman Catholic Church,Catholic Church , Ehemalige Wallfahrtskirche Sankt Ottilia , Katolikus Egyház,RCC,Katoličeskaj Cerkovʹ,Katoličke Cerkve,Katolska Cyrkej,Katolske Kirke,Ecclesia Catholica,Igreja Católica,Römisch-Katholische Kirche,Katholikē Ekklēsia,Catholic Church,Roman Catholic Church,Eglise Catholique,Eglise Catholique Romaine,Chiesa Cattolica,Katholieke Kerk,Iglesia Católica,Katolické Církve,Kościoł Katolicki,Katoličke Crkve,Eglise catholique romaine,Chiesa cattolica romana,Roman catholic Church,Eglise catholique,Römische Kirche , Eglise catholique,Roman Catholic Church,Catholic Church , Ehemalige Wallfahrtskirche Sankt Ottilia |